<?xml version="1.0" encoding="UTF-8"?>
<record
    xmlns:xsi="http://www.w3.org/2001/XMLSchema-instance"
    xsi:schemaLocation="http://www.loc.gov/MARC21/slim http://www.loc.gov/standards/marcxml/schema/MARC21slim.xsd"
    xmlns="http://www.loc.gov/MARC21/slim">

  <leader>00747nam a2200169Ia 4500</leader>
  <controlfield tag="008">240419s9999    xx            000 0 und d</controlfield>
  <datafield tag="020" ind1=" " ind2=" ">
    <subfield code="a">9780802845610 0802845614</subfield>
  </datafield>
  <datafield tag="041" ind1=" " ind2=" ">
    <subfield code="a">eng</subfield>
  </datafield>
  <datafield tag="050" ind1=" " ind2=" ">
    <subfield code="a">BR115.E3 </subfield>
    <subfield code="b">.C38 2008</subfield>
  </datafield>
  <datafield tag="100" ind1=" " ind2=" ">
    <subfield code="a">Cavanaugh, William T. </subfield>
  </datafield>
  <datafield tag="245" ind1=" " ind2="0">
    <subfield code="a">Being Consumed : </subfield>
    <subfield code="b">Economics and Christian Desire /</subfield>
    <subfield code="c">William T. Cavanaugh</subfield>
  </datafield>
  <datafield tag="260" ind1=" " ind2=" ">
    <subfield code="a">Grand Rapids, Mich. : </subfield>
    <subfield code="b">William B. Eerdmans, </subfield>
    <subfield code="c">2008</subfield>
  </datafield>
  <datafield tag="300" ind1=" " ind2=" ">
    <subfield code="a">xii, 103 p. </subfield>
    <subfield code="b">; </subfield>
    <subfield code="c">22 cm.</subfield>
  </datafield>
  <datafield tag="505" ind1=" " ind2=" ">
    <subfield code="a">Freedom and unfreedom -- Detachment and attachment -- The global and the local -- Scarcity and abundance.</subfield>
  </datafield>
  <datafield tag="650" ind1=" " ind2=" ">
    <subfield code="a">Economics&#x2014;Religious aspects&#x2014;Christianity.Desire&#x2014;Religious aspects&#x2014;Christianity.Consumption (Economics)&#x2014;Religious aspects&#x2014;Christianity.</subfield>
  </datafield>
  <datafield tag="952" ind1=" " ind2=" ">
    <subfield code="0">0</subfield>
    <subfield code="1">0</subfield>
    <subfield code="4">0</subfield>
    <subfield code="7">0</subfield>
    <subfield code="a">GETS</subfield>
    <subfield code="b">GETS</subfield>
    <subfield code="c"> GEN</subfield>
    <subfield code="d">2024-04-19</subfield>
    <subfield code="l">0</subfield>
    <subfield code="o">BR115.E3 .C38 2008</subfield>
    <subfield code="p">00033177</subfield>
    <subfield code="r">2024-04-19 18:05:41</subfield>
    <subfield code="w">2024-04-19</subfield>
    <subfield code="y">BK</subfield>
  </datafield>
  <datafield tag="999" ind1=" " ind2=" ">
    <subfield code="c">52304</subfield>
    <subfield code="d">52304</subfield>
  </datafield>
</record>
